Clickable: OPEC Nations Quiz Stats

 Plays Quiz Updated Mar 29, 2020

Support Sporcle.
Go Orange.
Score 0/13 Timer 02:00
5 Plays Today
% Correct
Saudi Arabia
90.5%
United Arab Emirates
88.6%
Kuwait
83.8%
Iraq
81.1%
Iran
80.7%
Republic of the Congo
74.7%
Venezuela
69.8%
Libya
66.6%
Nigeria
49.9%
Algeria
44.2%
Equatorial Guinea
32.3%
Angola
30.9%
Gabon
15.6%

From the Vault

Big Lebowski Characters

by mselby

Movies 5m
Hey, careful, man, there's a beverage here!
Remove Ads.
Support Sporcle.
Get the best of Sporcle when you Go Orange. This ad-free experience offers more features, more stats, and more fun while also helping to support Sporcle. Thank you for becoming a member.

Show Comments

Extras

Top Quizzes Today


Score Distribution

Your Account Isn't Verified!

In order to create a playlist on Sporcle, you need to verify the email address you used during registration. Go to your Sporcle Settings to finish the process.

Report this User

Report this user for behavior that violates our Community Guidelines.

Details: